INSTRUMENTAL METHODS OF CHEMICAL ANALYSIS (Record no. 9347)
[ view plain ]
| 000 -LEADER | |
|---|---|
| fixed length control field | 00504nam a22001577a 4500 |
| 003 - CONTROL NUMBER IDENTIFIER | |
| control field | SGT |
| 020 ## - INTERNATIONAL STANDARD BOOK NUMBER | |
| International Standard Book Number | 9789351402701 |
| 082 ## - DEWEY DECIMAL CLASSIFICATION NUMBER | |
| Classification number | 543.08, KAU |
| 100 ## - MAIN ENTRY--PERSONAL NAME | |
| Personal name | KAUR H. |
| 245 ## - TITLE STATEMENT | |
| Title | INSTRUMENTAL METHODS OF CHEMICAL ANALYSIS |
| 260 ## - PUBLICATION, DISTRIBUTION, ETC. (IMPRINT) | |
| Place of publication, distribution, etc | NEW DELHI |
| Name of publisher, distributor, etc | PRAGATI |
| Year of Publication | 2014 |
| 300 ## - PAGE DESCRIPTION | |
| No. of Pages | 1176 |
| 650 ## - SUBJECT ADDED ENTRY--TOPICAL TERM | |
| Topical term or geographic name as entry element | `ANALYSIS CHEMISTRY |
| 653 ## - KEYWORDS--INDEX TERM | |
| Keyword term | ANALYTICAL AND STATISTICAL METHODS, SPECTROSCOPY, ELECTROANALYTICAL METHODS, THERMAL METHODS OF ANALYSIS, SEPARATION TECHNIQUES, MISCELLANEOUS METHODS |
| 942 ## - ADDED ENTRY ELEMENTS (KOHA) | |
| Source of classification or shelving scheme | Dewey Decimal Classification |
| Koha item type | FPS Books |
| Withdrawn status | Lost status | Source of classification or shelving scheme | Damaged status | Not for loan | Collection code | Home library | Current library | Shelving location | Date acquired | Vendor Name | Cost, normal purchase price | SGTU | Bill Number | Total Checkouts | Full call number | Accession No. (Barcode) | Date last seen | Date last borrowed | Bill Date | Koha item type |
|---|---|---|---|---|---|---|---|---|---|---|---|---|---|---|---|---|---|---|---|---|
| Dewey Decimal Classification | SCIENCE | SGT Science & Social Sciences Library | SGT Science & Social Sciences Library | Text Book | 30/06/2016 | AHUJA BOOKS | 640.00 | SGTU | 6680 | 6 | 543.08, KAU | PS1499 | 30/10/2019 | 20/09/2019 | 03/03/2016 | FPS Books | ||||
| Dewey Decimal Classification | Not For Loan | SCIENCE | SGT Science & Social Sciences Library | SGT Science & Social Sciences Library | Reference Book | 30/06/2016 | AHUJA BOOKS | 640.00 | SGTU | 6680 | 543.08, KAU | PS1500 | 30/06/2016 | 03/03/2016 | FPS Books |